[Event "2024 British Rapidplay Championship"]
[Site "Holiday Inn Peterborough - West"]
[Date "2024.03.03"]
[Round "9.95"]
[White "Rogowski, Rafal"]
[Black "Mehta, Hatle"]
[Result "1-0"]
[WhiteFideId "343415970"]
[BlackFideId "488003"]
[WhiteElo "1591"]
[BlackElo "1447"]
[EventDate "2024.03.02"]

1. d4 d6 2. c4 Nf6 3. Nc3 g6 4. e4 Nbd7 5. f3 Bg7 6. Be3 O-O 7. Qd2 Re8 8. g4 e5
9. d5 c6 10. h4 cxd5 11. cxd5 h5 12. Be2 b6 13. b4 a5 14. b5 Nc5 15. gxh5 Nxh5 16.
a4 Ng3 17. Rh2 Nb3 18. Qb2 Nxa1 19. Qxa1 Nxe2 20. Ngxe2 Qf6 21. Kf2 Rb8 22. Qg1 Kf8
23. Bg5 Qe7 24. Bxe7+ Rxe7 25. h5 Rbb7 26. hxg6 Ke8 27. gxf7+ Rxf7 28. Ke3 Rbe7 29.
Qg6 Kd7 30. Kf2 Rf6 31. Qg3 Ref7 32. Rh7 Bh6 33. Rxf7+ Rxf7 34. Qg6 Ke7 35. Qxh6
Bg4 36. Qg5+ Kf8 37. Qxg4 1-0

[Event "2024 British Rapidplay Championship"]
[Site "Holiday Inn Peterborough - West"]
[Date "2024.03.03"]
[Round "9.96"]
[White "Brookbanks, Alan"]
[Black "Suganya, Yugan"]
[Result "0-1"]
[WhiteFideId "343443389"]
[BlackFideId "343442676"]
[WhiteElo "1569"]
[BlackElo "1400"]
[EventDate "2024.03.02"]

1. e4 c5 2. Nf3 d6 3. d4 cxd4 4. Nxd4 Nf6 5. Nc3 g6 6. Be3 Bg7 7. f3 O-O 8. Qd2 Nc6
9. O-O-O Bd7 10. Nxc6 Bxc6 11. Bh6 a6 12. Bxg7 Kxg7 13. g4 b5 14. g5 Nh5 15. Nd5
a5 16. Bh3 b4 17. Bg4 Bxd5 18. exd5 Qb6 19. Bxh5 gxh5 20. Qe2 a4 21. f4 b3 22. cxb3
axb3 23. a3 Rac8+ 24. Kb1 Rc2 25. Qxh5 Qf2 26. Qh6+ Kg8 0-1

[Event "2024 British Rapidplay Championship"]
[Site "Holiday Inn Peterborough - West"]
[Date "2024.03.03"]
[Round "9.97"]
[White "Yu, Robin"]
[Black "Fairhurst, Steve"]
[Result "1-0"]
[WhiteFideId "343401333"]
[BlackFideId "343425690"]
[WhiteElo "1554"]
[BlackElo "1114"]
[EventDate "2024.03.02"]

1. c4 e5 2. Nc3 Nf6 3. g3 Nc6 4. Bg2 b6 5. e4 Bb7 6. Nge2 g6 7. O-O Bg7 8. d3 O-O
9. f4 a6 10. fxe5 Nxe5 11. h3 c6 12. Rb1 Rb8 13. b3 Nh5 14. d4 Ng4 15. hxg4 Nf6 16.
Nf4 g5 17. Nh5 Nxh5 18. gxh5 b5 19. Bb2 b4 20. Ne2 d6 21. g4 Bc8 22. Ng3 Bd7 23.
Nf5 Qc8 24. Nxd6 Bxg4 25. Nxc8 Bxd1 26. Ne7+ Kh8 27. Rbxd1 c5 28. Nf5 Rfe8 29. Nxg7
Kxg7 30. d5+ Kf8 31. h6 Re7 32. Bf6 Rd7 33. Bxg5 Ra8 34. e5 f6 35. Bxf6 Rb7 36. d6
Ke8 37. Bxb7 Rb8 38. Bxa6 1-0

[Event "2024 British Rapidplay Championship"]
[Site "Holiday Inn Peterborough - West"]
[Date "2024.03.03"]
[Round "9.98"]
[White "Graeme, Matthew"]
[Black "Mohammed Sharifdeen, Mohamed Nasrudeen Meeran"]
[Result "0-1"]
[WhiteFideId "343442501"]
[BlackFideId "343423736"]
[WhiteElo "1156"]
[BlackElo "1551"]
[EventDate "2024.03.02"]

1. e4 e5 2. f4 d6 3. Nf3 Nc6 4. Nc3 Nf6 5. Bc4 Be6 6. Bxe6 fxe6 7. d3 exf4 8. Bxf4
e5 9. Bg3 Be7 10. d4 exd4 11. Nxd4 Qd7 12. O-O O-O-O 13. Bf2 a6 14. b4 Nxb4 15. Rb1
d5 16. Nf5 Nc6 17. exd5 Nxd5 18. Nxd5 Qxf5 19. Nxc7 Rxd1 20. Rbxd1 Qxc2 21. Ne6 Qxa2
22. Nxg7 Rg8 23. Nf5 Bc5 24. Rc1 Bxf2+ 25. Rxf2 Qe6 26. g4 Rxg4+ 27. Kf1 Kb8 28.
Rd1 Qc4+ 29. Re2 Rf4+ 30. Ke1 Rxf5 31. h4 Re5 0-1

[Event "2024 British Rapidplay Championship"]
[Site "Holiday Inn Peterborough - West"]
[Date "2024.03.03"]
[Round "9.100"]
[White "Kulibaev, Richard"]
[Black "Halpin, David"]
[Result "1/2-1/2"]
[WhiteFideId "343406050"]
[BlackFideId "343403484"]
[WhiteElo "1503"]
[BlackElo "1371"]
[EventDate "2024.03.02"]

1. e4 c6 2. d4 d5 3. Nc3 e6 4. Nf3 Nd7 5. e5 Ne7 6. Bd3 c5 7. Bb5 c4 8. O-O a6 9.
Bxd7+ Bxd7 10. b3 Nc6 11. bxc4 dxc4 12. d5 exd5 13. Qxd5 Be6 14. Qxd8+ Rxd8 15. Bg5
Be7 16. Bxe7 Nxe7 17. Rad1 O-O 18. Ng5 Bf5 19. Rde1 h6 20. Nf3 Nd5 21. Nxd5 Rxd5
22. c3 Bd3 23. Rd1 Rfd8 24. Rfe1 b5 25. Nd4 a5 26. Nxb5 Rxb5 27. e6 f6 28. Re4 Rbd5
29. Ree1 Re5 30. f4 Rxe1+ 31. Rxe1 Re8 32. g4 f5 33. g5 hxg5 34. fxg5 g6 35. Kf2
Be4 36. Rd1 Rxe6 37. Rd8+ Kf7 38. Rd7+ Re7 39. Rd6 Re5 40. Rd7+ Re7 41. Rd6 Re6 42.
Rd7+ Re7 43. Rd6 1/2-1/2

[Event "2024 British Rapidplay Championship"]
[Site "Holiday Inn Peterborough - West"]
[Date "2024.03.03"]
[Round "10.1"]
[White "Royal, Shreyas"]
[Black "Gormally, Daniel W"]
[Result "0-1"]
[WhiteFideId "448869"]
[BlackFideId "406465"]
[WhiteElo "2331"]
[BlackElo "2463"]
[EventDate "2024.03.02"]

1. d4 Nf6 2. c4 g6 3. Nc3 d5 4. cxd5 Nxd5 5. e4 Nxc3 6. bxc3 Bg7 7. Bc4 c5 8. Ne2
Nc6 9. Be3 O-O 10. O-O e6 11. Qd2 b6 12. Rac1 Bb7 13. Rfd1 cxd4 14. cxd4 Na5 15.
Bd3 Rc8 16. h4 h5 17. Bg5 Qd7 18. Bh6 Qe7 19. Bxg7 Kxg7 20. Qf4 Nc6 21. Qg3 e5 22.
dxe5 Nxe5 23. Bb1 Rxc1 24. Rxc1 Rd8 25. Nf4 Ng4 26. f3 Qc5+ 0-1

[Event "2024 British Rapidplay Championship"]
[Site "Holiday Inn Peterborough - West"]
[Date "2024.03.03"]
[Round "10.2"]
[White "Eckersley-Waites, Tom"]
[Black "Willow, Jonah B"]
[Result "1/2-1/2"]
[WhiteFideId "412449"]
[BlackFideId "438804"]
[WhiteElo "2264"]
[BlackElo "2295"]
[EventDate "2024.03.02"]

1. e4 c5 2. Nf3 e6 3. d4 cxd4 4. Nxd4 Nf6 5. Nc3 Nc6 6. Ndb5 Bc5 7. Nd6+ Ke7 8. Bf4
e5 9. Nf5+ Kf8 10. Bg5 d6 11. Ne3 h6 12. Bxf6 Qxf6 13. Ncd5 Qd8 14. c3 a6 15. Be2
g6 16. Bg4 Be6 17. Qf3 Kg7 18. h4 h5 19. Bh3 b5 20. a3 a5 21. Qg3 b4 22. axb4 axb4
23. O-O b3 24. Rxa8 Qxa8 25. Nc7 Qc8 26. Ned5 Bxh3 27. gxh3 Na5 28. Ra1 Bb6 29. Qg5
Bxc7 30. Qf6+ Kh6 31. Nxc7 Rf8 32. Nd5 Nc6 33. Kg2 Qd8 34. Ra6 Qxf6 35. Nxf6 Rc8
36. Nd5 Kg7 37. Ra3 Rb8 38. Ra6 Rc8 39. Ra3 Rb8 40. Ra6 1/2-1/2

[Event "2024 British Rapidplay Championship"]
[Site "Holiday Inn Peterborough - West"]
[Date "2024.03.03"]
[Round "10.3"]
[White "Davtyan, Artur"]
[Black "Kanyamarala, Trisha"]
[Result "0-1"]
[WhiteFideId "13308327"]
[BlackFideId "45004722"]
[WhiteElo "2416"]
[BlackElo "2073"]
[EventDate "2024.03.02"]

1. d4 Nf6 2. c4 e6 3. Nc3 Bb4 4. Qc2 d5 5. cxd5 exd5 6. Bf4 O-O 7. e3 c5 8. dxc5
Nc6 9. Nf3 Bxc5 10. Be2 h6 11. O-O Be6 12. Rfd1 Qe7 13. Rac1 Rac8 14. Qb1 Rfd8 15.
Nb5 Ne4 16. Nbd4 Nxd4 17. Nxd4 Bxd4 18. Rxd4 Rxc1+ 19. Qxc1 Rc8 20. Qd1 Qc5 21. f3
Nf6 22. Kf2 Nd7 23. h4 Qb6 24. b3 Nb8 25. Bxb8 Rxb8 26. Qd2 Rc8 27. Bd1 Qc7 28. b4
Qh2 29. Kf1 Qh1+ 30. Kf2 Qh2 31. Kf1 Qh1+ 32. Kf2 Qh2 33. Be2 Bh3 34. Bf1 Bf5 35.
Bd3 Bxd3 36. Qxd3 Rc1 37. Rxd5 Qxh4+ 0-1

[Event "2024 British Rapidplay Championship"]
[Site "Holiday Inn Peterborough - West"]
[Date "2024.03.03"]
[Round "10.4"]
[White "Waldhausen Gordon, Frederick"]
[Black "Han, Yichen"]
[Result "0-1"]
[WhiteFideId "2409143"]
[BlackFideId "1054430"]
[WhiteElo "2045"]
[BlackElo "2334"]
[EventDate "2024.03.02"]

1. d4 d5 2. c4 e6 3. Nc3 Nf6 4. Nf3 Nbd7 5. cxd5 exd5 6. Bf4 Bb4 7. a3 Bxc3+ 8. bxc3
O-O 9. e3 c5 10. Bd3 Qa5 11. Qd2 b6 12. c4 Ba6 13. Qxa5 bxa5 14. Ne5 cxd4 15. Nxd7
Nxd7 16. Bf5 Nf6 17. c5 dxe3 18. fxe3 Rfe8 19. Kd2 g6 20. Bd3 Bc4 21. Bxc4 Ne4+ 22.
Kd3 dxc4+ 23. Kxc4 Rac8 24. Kd4 Nxc5 25. Rab1 Red8+ 26. Ke5 Rc6 27. Bg3 Re6+ 28.
Kf4 Rde8 29. Rb5 Re4+ 30. Kf3 Rxe3+ 31. Kg4 R8e4+ 32. Bf4 h5+ 33. Kg5 Kg7 34. Rf1
Ne6+ 35. Kh4 Nxf4 36. Rf3 Ne2+ 37. Kh3 Ng1+ 38. Kg3 Nxf3 39. gxf3 Re5 40. Rb7 Rf5
41. Rxa7 Rexf3+ 42. Kg2 Rf2+ 43. Kg1 Ra2 44. Rd7 Rg5+ 45. Kf1 Rb5 46. Rd1 Rbb2 47.
h4 Rh2 48. Kg1 Rag2+ 49. Kf1 Rh1+ 50. Kxg2 Rxd1 51. a4 Rd4 52. Kh3 Rxa4 53. Kg3 Rg4+
54. Kf3 a4 55. Ke3 a3 56. Kd2 a2 57. Kc2 a1=Q 58. Kb3 Qa4+ 59. Kc3 Qc4+ 60. Kd2 Rg2+
61. Ke3 Re2+ 62. Kf3 Qg4# 0-1

[Event "2024 British Rapidplay Championship"]
[Site "Holiday Inn Peterborough - West"]
[Date "2024.03.03"]
[Round "10.5"]
[White "Roberson, Peter T"]
[Black "Harris, Michael"]
[Result "0-1"]
[WhiteFideId "412384"]
[BlackFideId "402028"]
[WhiteElo "2401"]
[BlackElo "2233"]
[EventDate "2024.03.02"]

1. e4 e6 2. d4 d5 3. e5 c5 4. c3 Bd7 5. Nf3 Qb6 6. Bd3 Bb5 7. dxc5 Bxc5 8. b4 Bf8
9. Be3 Qa6 10. Bxb5+ Qxb5 11. Nd4 Qd7 12. O-O Ne7 13. Na3 Nbc6 14. Qg4 Nxe5 15. Qg3
N5c6 16. Nab5 e5 17. Rad1 a6 18. Nxc6 bxc6 19. Na3 Qe6 20. Rfe1 Nf5 21. Qh3 Bd6 22.
Bc5 Bxc5 23. bxc5 O-O 24. Nc2 Rfe8 25. f4 e4 26. g4 Nh6 27. f5 Qe7 28. Nd4 Qg5 29.
Nxc6 Nxg4 30. Qg3 Qxf5 31. Rf1 Qg6 32. Kh1 Ne5 33. Nb4 Qxg3 34. hxg3 a5 35. Nxd5
Rac8 36. Rf4 Nd3 37. Rf5 e3 38. Nxe3 Rxe3 39. Kg2 g6 40. Rg5 Nxc5 41. c4 Ne4 42.
Re5 Rxc4 43. Rd8+ Kg7 44. Rde8 Rc2+ 45. Kf1 Nxg3+ 46. Kg1 Rxe5 47. Rxe5 Rxa2 48.
Re7 Nf5 49. Ra7 h5 50. Rc7 g5 51. Rc5 Kg6 52. Rc6+ f6 53. Rc8 Nd4 54. Kh1 Ne6 55.
Kg1 Nf4 56. Rc5 h4 57. Kh1 h3 58. Rb5 g4 59. Rb8 Nh5 60. Rb3 g3 61. Rb1 Nf4 62. Re1
Rh2+ 63. Kg1 Ne2+ 64. Kf1 Rf2# 0-1

[Event "2024 British Rapidplay Championship"]
[Site "Holiday Inn Peterborough - West"]
[Date "2024.03.03"]
[Round "10.6"]
[White "Larchikov, Maksym"]
[Black "Hebden, Mark L"]
[Result "1/2-1/2"]
[WhiteFideId "34120815"]
[BlackFideId "400084"]
[WhiteElo "1981"]
[BlackElo "2436"]
[EventDate "2024.03.02"]

1. d4 Nf6 2. c4 g6 3. Nf3 Bg7 4. Nc3 O-O 5. e4 d6 6. Be2 Nbd7 7. O-O e5 8. Be3 Qe7
9. d5 c5 10. dxc6 bxc6 11. Qd2 Nc5 12. Bxc5 dxc5 13. Rfd1 Bg4 14. Qd6 Qb7 15. Rab1
Rfe8 16. Qxc5 Nd7 17. Qa5 Nf8 18. Na4 Ne6 19. Nc5 Qb6 20. Qxb6 axb6 21. Nxe6 Bxe6
22. a3 f6 23. Ne1 Bf8 24. Nc2 Rec8 25. b4 h5 26. Rb3 Kf7 27. Rc3 Rd8 28. Rxd8 Rxd8
29. Kf1 Bh6 30. Rd3 Ra8 31. Rd6 Rc8 32. Ke1 Ke7 33. Rd1 Ra8 34. Bd3 h4 35. h3 f5
36. f3 Kf6 37. Ke2 Bf8 38. Ra1 Ra4 39. Rb1 c5 40. Rb3 f4 41. bxc5 Bxc5 42. Nb4 Bxb4
43. Rxb4 Rxa3 44. Rxb6 Ra2+ 45. Kf1 Ke7 46. c5 Ra1+ 47. Kf2 Rc1 48. Rc6 g5 49. Rc7+
Kd8 50. Rg7 Rxc5 51. Rxg5 Ke7 52. Kg1 Rc3 53. Ba6 Kd6 54. Rg6 Ke7 55. Rh6 Ra3 56.
Bb7 Ra1+ 57. Kh2 Rb1 58. Bd5 Bxd5 59. exd5 Kd7 60. Rxh4 Kd6 61. Rh6+ Kxd5 62. h4
e4 63. fxe4+ Kxe4 64. Rf6 Rb5 65. Kh3 Rb3+ 66. Kh2 Rb5 67. Kh3 Rb3+ 68. Kh2 Rb5 1/2-1/2

[Event "2024 British Rapidplay Championship"]
[Site "Holiday Inn Peterborough - West"]
[Date "2024.03.03"]
[Round "10.7"]
[White "Wells, Peter K"]
[Black "Badacsonyi, Stanley"]
[Result "1-0"]
[WhiteFideId "400327"]
[BlackFideId "486973"]
[WhiteElo "2440"]
[BlackElo "2105"]
[EventDate "2024.03.02"]

1. d4 Nf6 2. Bg5 e6 3. e4 h6 4. Bxf6 Qxf6 5. c3 d6 6. Bd3 e5 7. Ne2 Nc6 8. O-O g5
9. Bb5 a6 10. Qa4 Bd7 11. d5 Nb8 12. Bxd7+ Nxd7 13. c4 h5 14. Ng3 h4 15. Nf5 g4 16.
Nc3 Kd8 17. b4 Be7 18. Rad1 Qg5 19. c5 Nf6 20. Qa5 Ne8 21. Nb5 Kd7 22. Rc1 Bd8 23.
cxd6 c6 24. dxc6+ bxc6 25. Nc7 Nxd6 26. Qc5 Nxf5 27. Qxc6+ Ke7 28. Nd5+ Kf8 29. exf5
Ra7 30. Qc5+ Kg7 31. Qxa7 Qxf5 32. Ne3 Qe6 33. Rc4 Bb6 34. Rxg4+ Qxg4 35. Qxb6 Qg5
36. h3 Rd8 37. Qxa6 Rd2 38. Qc4 Rd4 39. Qc3 Qg6 40. b5 Qe6 41. b6 Rd7 42. Rb1 Qxa2
43. Qxe5+ f6 44. Qf5 Rb7 45. Nd5 Qc4 46. Qxf6+ Kh7 47. Ne7 Qe4 48. Qf5+ Qxf5 49.
Nxf5 1-0

[Event "2024 British Rapidplay Championship"]
[Site "Holiday Inn Peterborough - West"]
[Date "2024.03.03"]
[Round "10.8"]
[White "Hanache, Kai"]
[Black "Ledger, Andrew J"]
[Result "0-1"]
[WhiteFideId "490105"]
[BlackFideId "400610"]
[WhiteElo "1886"]
[BlackElo "2376"]
[EventDate "2024.03.02"]

1. e4 c6 2. d4 d5 3. Nd2 dxe4 4. Nxe4 Nd7 5. Nf3 Ngf6 6. Nxf6+ Nxf6 7. c3 g6 8. Bd3
Bg7 9. Qc2 O-O 10. Bf4 b6 11. O-O Bb7 12. Rad1 Qc8 13. Rfe1 c5 14. Ne5 cxd4 15. cxd4
Qxc2 16. Bxc2 Rfd8 17. Bg3 Rac8 18. Bb3 Bd5 19. Bxd5 Nxd5 20. a3 Rc2 21. Rb1 Rdc8
22. h3 Bh6 23. Nd3 R8c4 24. Re5 e6 25. Ne1 Rc1 26. Rxc1 Bxc1 27. Re2 Rxd4 28. Rc2
Bf4 29. Bxf4 Nxf4 30. Nf3 Rd1+ 31. Kh2 Nd5 32. Ne5 Kg7 33. Nf3 h6 34. Re2 Rb1 35.
Ne5 g5 36. Kg3 h5 37. Rc2 Kf6 38. Nd7+ Kf5 39. Re2 f6 40. Rd2 Rc1 41. Nb8 Rc8 42.
Na6 h4+ 43. Kf3 Rc4 44. g4+ Ke5 45. Nb8 Kd6 46. Na6 Kc6 47. Nb8+ Kc7 48. Na6+ Kb7
49. Nb4 Nxb4 50. axb4 Kc6 51. Re2 e5 52. Re4 Rc2 0-1

[Event "2024 British Rapidplay Championship"]
[Site "Holiday Inn Peterborough - West"]
[Date "2024.03.03"]
[Round "10.9"]
[White "Gasanov, Eldar"]
[Black "Nawalaniec, Adam"]
[Result "1-0"]
[WhiteFideId "14104466"]
[BlackFideId "21023786"]
[WhiteElo "2391"]
[BlackElo "1977"]
[EventDate "2024.03.02"]

1. e4 c5 2. Ne2 d6 3. g3 Nf6 4. Bg2 e6 5. d4 cxd4 6. Nxd4 Be7 7. c4 O-O 8. Nc3 Nc6
9. O-O Bd7 10. Nde2 Rc8 11. b3 a6 12. h3 e5 13. Be3 Na5 14. Qd2 b5 15. Nd5 Nxd5 16.
cxd5 Nb7 17. b4 f5 18. exf5 Bxf5 19. Rac1 Qd7 20. g4 Bg6 21. Rc6 h5 22. gxh5 Bf5
23. Kh2 Nd8 24. Rxc8 Qxc8 25. Rc1 Qd7 26. Ng3 Bh4 27. h6 g6 28. Qc3 Rf7 29. Qd2 Qe7
30. Ne4 Kh7 31. Bg5 Qf8 32. Bxh4 Bxe4 33. Bxe4 Rf4 34. Rc7+ Kh8 35. Be7 Rxf2+ 36.
Kg3 1-0

[Event "2024 British Rapidplay Championship"]
[Site "Holiday Inn Peterborough - West"]
[Date "2024.03.03"]
[Round "10.10"]
[White "Jones, Steven A"]
[Black "Repasi, Zoltan"]
[Result "0-1"]
[WhiteFideId "419630"]
[BlackFideId "724602"]
[WhiteElo "2194"]
[BlackElo "2097"]
[EventDate "2024.03.02"]

1. e4 g6 2. d4 Bg7 3. Nc3 d6 4. f4 Nf6 5. Nf3 O-O 6. Be3 b6 7. Qd2 c5 8. O-O-O cxd4
9. Nxd4 Bb7 10. Bd3 Ng4 11. Bg1 e5 12. fxe5 Bh6 13. Qxh6 Nxh6 14. e6 Qe7 15. Bc4
Na6 16. Be3 Ng4 17. exf7+ Kh8 18. Bg1 Ne5 19. Bb3 Nc5 20. Bd5 Bxd5 21. Nxd5 Qxf7
22. Kb1 Nxe4 23. Nb5 Qf1 24. Nbc3 Nxc3+ 25. Nxc3 Qxg2 26. Bd4 Rf5 27. Rhe1 Rc8 28.
Re2 Qg4 29. h3 Qxh3 30. Ne4 Qg4 31. Ree1 Rc6 32. Bc3 Rxc3 33. Nxc3 Nf7 34. Re7 Kg8
35. Rxa7 h5 36. Ra4 Rf4 37. Ra8+ Kg7 38. Re1 Qg2 39. Rae8 Rf1 40. a4 Rxe1+ 41. Rxe1
h4 42. Re2 Qg1+ 43. Ka2 h3 0-1

[Event "2024 British Rapidplay Championship"]
[Site "Holiday Inn Peterborough - West"]
[Date "2024.03.03"]
[Round "10.11"]
[White "Boswell, Jacob Connor"]
[Black "Toma, Katarzyna"]
[Result "1-0"]
[WhiteFideId "427110"]
[BlackFideId "1119907"]
[WhiteElo "2031"]
[BlackElo "2122"]
[EventDate "2024.03.02"]

1. d4 Nf6 2. c4 g6 3. Nf3 Bg7 4. g3 O-O 5. Bg2 d5 6. O-O dxc4 7. Nbd2 Nc6 8. Nxc4
Be6 9. Nce5 Bd5 10. Bf4 a5 11. Rc1 a4 12. Nxc6 Bxc6 13. Be5 Qd5 14. a3 Qa5 15. Qc2
Rfd8 16. Rfe1 Nd7 17. Bxg7 Kxg7 18. e4 e6 19. Red1 Nf6 20. Ne5 Ra6 21. f3 Raa8 22.
Nxc6 bxc6 23. Qxc6 Rab8 24. Qxc7 Qa6 25. Bf1 Qb6 26. Qxb6 Rxb6 27. Rd2 Rdb8 28. Rc4
Ra8 29. Rdc2 h5 30. Rb4 Rxb4 31. axb4 Kf8 32. Rc7 Ne8 33. Rc5 Rb8 34. b5 Ke7 35.
Kf2 Kd8 36. Rc4 Ra8 37. Ke3 Nd6 38. Rc6 Kd7 39. Ra6 Rb8 40. Rxa4 Nxb5 41. Rb4 1-0

[Event "2024 British Rapidplay Championship"]
[Site "Holiday Inn Peterborough - West"]
[Date "2024.03.03"]
[Round "10.12"]
[White "Cancedda-Dupuis, Livio"]
[Black "Buckley, Graeme N"]
[Result "0-1"]
[WhiteFideId "499447"]
[BlackFideId "402265"]
[WhiteElo "1960"]
[BlackElo "2267"]
[EventDate "2024.03.02"]

1. d4 Nf6 2. c4 e6 3. Nc3 Bb4 4. Qc2 c5 5. e3 d5 6. Nf3 O-O 7. Bd2 Nc6 8. a3 Bxc3
9. Bxc3 cxd4 10. Nxd4 Ne4 11. Bd3 Nxc3 12. Qxc3 Ne5 13. Rd1 Qh4 14. h3 Nxd3+ 15.
Qxd3 dxc4 16. Qc3 b6 17. Nf3 Qh5 18. Qe5 Qg6 19. Nh4 Qh6 20. Rd4 f6 21. Qc7 e5 22.
Qxc4+ Kh8 23. Rd2 a5 24. Qe4 Ba6 25. Nf5 Qg6 26. Rd7 Rad8 27. Rd6 Qf7 28. Qc2 Rxd6
29. Nxd6 Qd5 30. Nf5 Qxg2 31. Ng3 Rc8 32. Qd1 f5 33. Qd6 h6 34. Qxe5 Qc6 35. Qc3
Qf3 36. Qd2 f4 37. Qd1 Qxd1+ 38. Kxd1 fxg3 39. fxg3 Rf8 40. Kd2 Rd8+ 41. Kc2 Bb7
42. Re1 Be4+ 43. Kc3 b5 44. a4 Rd3+ 45. Kc2 Rxe3+ 46. Kd2 Rxe1 47. Kxe1 bxa4 48.
Kd2 Kg8 49. Ke3 Bc6 50. Kd4 Kf7 51. Kc5 Be8 52. Kb6 Kf6 0-1

[Event "2024 British Rapidplay Championship"]
[Site "Holiday Inn Peterborough - West"]
[Date "2024.03.03"]
[Round "10.13"]
[White "Lalic, Susan K"]
[Black "Hunt, Harriet V"]
[Result "1/2-1/2"]
[WhiteFideId "401510"]
[BlackFideId "403512"]
[WhiteElo "2059"]
[BlackElo "2342"]
[EventDate "2024.03.02"]

1. e4 c5 2. Nf3 d6 3. Bb5+ Nd7 4. Ba4 Ngf6 5. O-O a6 6. c4 g6 7. Nc3 Bg7 8. d3 O-O
9. Bc2 Rb8 10. Bd2 b5 11. b3 Ne8 12. Rb1 Nc7 13. Qe2 Ne6 14. Nd5 Bb7 15. Qe1 b4 16.
Be3 a5 17. Qd2 Ne5 18. Ng5 Ng4 19. Nxe6 fxe6 20. Nf4 Qd7 21. Bd1 Nxe3 22. fxe3 e5
23. Nh3 Rxf1+ 24. Kxf1 Rf8+ 25. Kg1 Bc8 26. Be2 Bh6 27. Rf1 Rxf1+ 28. Kxf1 a4 29.
Nf2 Qa7 30. Bg4 axb3 31. axb3 e6 32. Ke2 Qa1 33. Nd1 Kf7 34. Qb2 Qa7 35. Kf1 Ke8
36. Qf2 Qf7 37. Qxf7+ Kxf7 38. Ke2 Bg5 39. g3 h5 40. Bf3 h4 41. Nf2 hxg3 42. hxg3
Bd7 43. Kd2 Ke7 44. Ng4 Bc6 1/2-1/2

[Event "2024 British Rapidplay Championship"]
[Site "Holiday Inn Peterborough - West"]
[Date "2024.03.03"]
[Round "10.14"]
[White "George, Matthew P"]
[Black "Bowcott-Terry, Finlay"]
[Result "0-1"]
[WhiteFideId "407763"]
[BlackFideId "449199"]
[WhiteElo "2003"]
[BlackElo "2055"]
[EventDate "2024.03.02"]

1. d4 f5 2. Nf3 Nf6 3. g3 e6 4. Bg2 Be7 5. O-O O-O 6. b3 d6 7. Bb2 Ne4 8. Nbd2 Bf6
9. e3 Nxd2 10. Qxd2 Nc6 11. c4 e5 12. dxe5 dxe5 13. Rfd1 Qe8 14. Ba3 Rf7 15. Rac1
Be6 16. Qc2 a5 17. Ne1 e4 18. Bb2 Ne5 19. Bc3 c5 20. Rd2 Re7 21. Rcd1 Qh5 22. Rd8+
Re8 23. Rxa8 Rxa8 24. Rd6 Qe8 25. Qb2 Bf7 26. h4 Qe7 27. Qd2 a4 28. Bh3 axb3 29.
axb3 g6 30. Kf1 Bg7 31. Rb6 Rd8 32. Qb2 Rd1 33. Ke2 Rxe1+ 34. Bxe1 Nd7 35. Qa3 Nxb6
36. Qa7 Qc7 37. Ba5 Nc8 38. Qa8 Qd7 39. h5 Be6 40. Bb6 Qd3+ 0-1

[Event "2024 British Rapidplay Championship"]
[Site "Holiday Inn Peterborough - West"]
[Date "2024.03.03"]
[Round "10.15"]
[White "Kanyamarala, Tarun"]
[Black "Iyengar, Ilya"]
[Result "1-0"]
[WhiteFideId "45004714"]
[BlackFideId "405949"]
[WhiteElo "2266"]
[BlackElo "1951"]
[EventDate "2024.03.02"]

1. d4 Nf6 2. Nc3 d5 3. Bf4 g6 4. e3 a6 5. h3 Bg7 6. Nf3 O-O 7. Be2 c5 8. O-O cxd4
9. Nxd4 Ne4 10. Nxe4 dxe4 11. Bg3 e5 12. Nb3 Nc6 13. Qxd8 Rxd8 14. Rfd1 Bf5 15. Bh4
Rxd1+ 16. Rxd1 Bf8 17. Bc4 Re8 18. g4 Be6 19. Bxe6 Rxe6 20. Rd7 b5 21. g5 Nb4 22.
Nd2 Nxc2 23. Nxe4 Ne1 24. Bg3 Re7 25. Rd8 Rc7 26. Nf6+ Kg7 27. Ne8+ 1-0

[Event "2024 British Rapidplay Championship"]
[Site "Holiday Inn Peterborough - West"]
[Date "2024.03.03"]
[Round "10.16"]
[White "Mirzoeva, Elmira"]
[Black "He, Tom Junde"]
[Result "0-1"]
[WhiteFideId "4127951"]
[BlackFideId "488810"]
[WhiteElo "2206"]
[BlackElo "1922"]
[EventDate "2024.03.02"]

1. d4 Nf6 2. c4 e6 3. Nf3 b6 4. g3 Bb7 5. Bg2 Be7 6. Nc3 Bb4 7. Bd2 O-O 8. O-O c5
9. d5 exd5 10. Nh4 Bxc3 11. Bxc3 Ne4 12. cxd5 Nxc3 13. bxc3 Qf6 14. Qd2 d6 15. e4
Nd7 16. f4 Rab8 17. Rae1 Ba6 18. Rf2 Rfe8 19. Bh3 Nf8 20. e5 Qh6 21. e6 fxe6 22.
dxe6 Bc4 23. e7 Ng6 24. Nxg6 Qxh3 25. Nf8 Qh6 26. g4 Rb7 27. g5 Qh3 28. Re3 Qg4+
29. Rg3 Qf5 30. g6 h6 31. Qxd6 Rbxe7 32. h4 Kxf8 33. Rg5 Qb1+ 34. Kh2 hxg5 35. f5
Qe1 36. Kg2 Qe4+ 37. Rf3 Kg8 38. f6 Qg4+ 39. Rg3 Re2+ 40. Kf1 Re1+ 0-1

[Event "2024 British Rapidplay Championship"]
[Site "Holiday Inn Peterborough - West"]
[Date "2024.03.03"]
[Round "10.17"]
[White "Verbytski, Oleg"]
[Black "Martin, Lewis"]
[Result "0-1"]
[WhiteFideId "495506"]
[BlackFideId "410551"]
[WhiteElo "1894"]
[BlackElo "2192"]
[EventDate "2024.03.02"]

1. e4 c6 2. d4 d5 3. exd5 cxd5 4. c4 Nf6 5. Nc3 Nc6 6. Nf3 Bg4 7. cxd5 Nxd5 8. Qb3
Bxf3 9. gxf3 e6 10. Qxb7 Nxd4 11. Bb5+ Nxb5 12. Qc6+ Ke7 13. Qc5+ Nd6 14. Nxd5+ exd5
15. O-O Kd7 16. Bf4 Qf6 17. Qxd5 Rb8 18. Bg3 Be7 19. Rad1 Rhd8 20. Rfe1 Rb6 21. Qa5
Qxf3 22. Qxa7+ Qb7 23. Qa4+ Qc6 24. Qg4+ Ke8 25. Bh4 Rd7 26. Qxg7 Kd8 27. Bxe7+ Rxe7
28. Qf8+ Qe8 29. Qxe8+ Kxe8 30. Rxe7+ Kxe7 31. b3 f5 32. Rd3 Ke6 33. Rh3 Rb7 34.
a4 Ne4 35. Kf1 Nd2+ 36. Ke2 Nxb3 37. Rh6+ Ke5 38. Ke3 f4+ 39. Ke2 Ra7 40. f3 Kf5
41. Rh5+ Kg6 42. Rd5 Rxa4 43. Rd6+ Kf5 44. Rd5+ Ke6 45. Rh5 Ra7 46. Rh6+ Kf5 47.
Rh5+ Kg6 48. Rd5 Ra2+ 49. Kf1 Rxh2 50. Kg1 Ra2 51. Rb5 Nd4 52. Rd5 Nxf3+ 53. Kf1
Nh2+ 54. Kg1 Ng4 55. Rd4 Kg5 56. Rd5+ Kh4 57. Rd1 Kg3 58. Rd3+ f3 59. Rd1 Rg2+ 60.
Kf1 Ne3+ 61. Ke1 Re2# 0-1

[Event "2024 British Rapidplay Championship"]
[Site "Holiday Inn Peterborough - West"]
[Date "2024.03.03"]
[Round "10.18"]
[White "Surtees, Mike J"]
[Black "Sivanandan, Bodhana"]
[Result "1-0"]
[WhiteFideId "412619"]
[BlackFideId "497592"]
[WhiteElo "2035"]
[BlackElo "1904"]
[EventDate "2024.03.02"]

1. e4 c6 2. Ne2 d5 3. e5 d4 4. d3 g6 5. f4 Bg7 6. Nd2 Bg4 7. h3 Bxe2 8. Qxe2 Nd7
9. g3 Qc7 10. Bg2 Nb6 11. a4 Rd8 12. O-O e6 13. b3 Ne7 14. Ne4 O-O 15. g4 Nbd5 16.
Bd2 c5 17. Rae1 b6 18. Qf2 Qd7 19. Qh4 Nc6 20. Nf6+ Nxf6 21. exf6 Bh8 22. g5 Nb4
23. Bxb4 cxb4 24. Qf2 Rc8 25. Re4 Rfd8 26. Rfe1 Rc5 27. Bf3 Qd6 28. h4 Rc3 29. Bg4
Qc5 30. R1e2 h5 31. Bh3 Qd6 32. Bg2 Rc5 33. Re5 Rxe5 34. Rxe5 Rc8 35. Re4 Rd8 36.
Bf3 Qc5 37. Kg2 a5 38. Kg3 Qd6 39. Kg2 Qc5 40. Bd1 Qd5 41. Kg1 Qc5 42. Re5 Qd6 43.
Qg2 Qc7 44. Qe4 Qd7 45. Rb5 Qc7 46. Qe5 Qc6 47. Qe4 Qc7 48. Kf2 Qd6 49. Kg3 Qc7 50.
Re5 Qd7 51. Bf3 Rc8 52. Rb5 Qd6 53. Qb7 Rb8 54. Qc6 Qxc6 55. Bxc6 Kf8 56. Kf3 Kg8
57. Ke4 Kf8 58. Kxd4 Kg8 59. Ke5 Kf8 60. Kd6 Rd8+ 61. Bd7 Rb8 62. Kc7 Ra8 63. Rxb6
Kg8 64. Rb8+ Rxb8 65. Kxb8 Kh7 66. Kc7 Kg8 67. Kb6 Kf8 68. Kxa5 Kg8 69. Kxb4 Kh7
70. a5 Kg8 71. a6 Kh7 72. a7 Kg8 73. a8=Q+ Kh7 74. Qf8 e5 75. Qxf7+ Bg7 76. Qxg7#
1-0